Postacie z GTA V po emotkach. - Statystyki

Ogólne statystyki
  • Ten quiz został rozwiązany 215 razy
  • Średni wynik to 5 z 6
Statystyki odpowiedzi
Hint Odpowiedź % Poprawnych
👨🏾🟩🚙 Franklin
98%
🔫🏠👪 Michael
97%
🤓👨‍🦽💻 Lester
96%
🤯🧪✈ Trevor
95%
🤑🏎🏡 Devin
46%
🪂🌳🐕 Dom
40%
Nie znaleziono quizów pasujących do podanych kryteriów
Rozkład punktacji
Procent ludzi z każdym wynikiem
Percentyl według liczby udzielonych odpowiedzi
Twoja historia wyników
Nie rozwiązałeś tego quizu